Statistics for Castles of England

Click here to take the quiz!

General Stats

  • This quiz has been taken 27 times
  • The average score is 6 of 16

Answer Stats

Answer% Correct
Windsor
88%
London
79%
Warwick
63%
York
63%
Bamburgh
42%
Norwich
42%
Dover
38%
Bodiam
33%
Durham
33%
Nottingham
25%
Rochester
25%
Colchester
21%
Framlingham
21%
Newcastle
21%
Arundel
17%
Newark
17%

Score Distribution

Percentile by Number Answered

Percent of People with Each Score

Your Score History

You have not taken this quiz